000 00693nam a22002055i 4500
001 178198
003 ES-MaACL
005 20250827100434.0
008 110523s1968 sp |||| | spa d
080 _a58
245 0 3 _aLa vida en el reino vegetal.
260 _aMadrid :
_bDelblan,
_cD. L. 1968.
300 _a16 p. ;
_c16 cm.
490 1 _aMosaico cultural : colección de temas instructivos. 2. Curiosidades de la naturaleza ;
_v9
500 _aEncuadernado con otros títulos.
650 0 7 _aPlantas
_2embne
_9146656
830 0 0 _aMosaico cultural: colección de temas instructivos
_v9
_9190806
852 _aES-MaACL
_jE-15189 (9)
_xOlim P-1923
999 _c178198
_d178198